000 00435nam a2200169Ia 4500
001 24093
003 IN-NITTTR
005 20251114233309.0
008 251113s9999||||xx |||||||||||||| ||eng||
040 _beng
040 _cIN-NITTTR
041 _aeng
082 _a624.15 K818C
100 _aKoerner, Robert M.
245 0 _aConstruction and geotechnical methods in foundation engineering. /
_cKoerner, Robert M.
942 _2ddc
_cBK
999 _c26722
_d26722